000 00620nam a2200193Ia 4500
003 OSt
005 20240412124128.0
008 210210b1948 xxu||||| |||| 00| 0 eng d
040 _cAL
041 _aKannada
082 _a852/384
100 _aBRAHMANANDASVAMI ಬ್ರಹ್ಮಾನಂದಸ್ವಾಮಿ
_9159939
245 _aShri Gurudevara Vachanagalu
_b ಶ್ರೀಗುರುದೇವರ ವಚನಗಳು
260 _aMaisuru
_bShri Ramakrashnashrama
_c1948
662 _aShri Ramakrashna Paramahamsa Upadesha Sangraha
690 _aKannada Prose
_9159940
906 _a018952
942 _2ddc
_cBK
999 _c142972
_d142972